Biblioteca de Selecciones. (Record no. 115030)

MARC details
000 -LEADER
campo de control de longitud fija 01303nam a2200349 i 4500
001 - NÚMERO DE CONTROL
campo de control 115030
003 - IDENTIFICADOR DE NÚMERO DE CONTROL
campo de control ES-MaACL
005 - FECHA Y HORA DE LA ÚLTIMA TRANSACCIÓN
campo de control 20251016161241.0
007 - CAMPO FIJO DE DESCRIPCIÓN FÍSICA--INFORMACIÓN GENERAL
campo de control de longitud fija t|
008 - DATOS DE LONGITUD FIJA--INFORMACIÓN GENERAL
campo de control de longitud fija 070219s1958 sp |||| | spa d
080 ## - NÚMERO DE LA CLASIFICACIÓN DECIMAL UNIVERSAL
Número de la Clasificación Decimal Universal 821.111(73)-3"19"(082.2)
245 00 - MENCIÓN DEL TÍTULO
Título Biblioteca de Selecciones.
260 ## - PUBLICACIÓN, DISTRIBUCIÓN, ETC.
Lugar de publicación, distribución, etc. Madrid :
Nombre del editor, distribuidor, etc. Selecciones del Reader's Digest,
Fecha de publicación, distribución, etc. 1958.
300 ## - DESCRIPCIÓN FÍSICA
Extensión 450 p. ;
Dimensiones 20 cm.
490 1# - MENCIÓN DE SERIE
Mención de serie Biblioteca de Selecciones ;
Designación de volumen o secuencia 1
505 8# - NOTA DE CONTENIDO CON FORMATO
Nota de contenido con formato Contiene: Estampa de Birmania / por J.H. Williams . Dos soldados / por William Faulkner . El cardenal / por Henry Morton Robinson . El caso del expediente P-2458 / por David W. Peck . El caballo de madera / por Eric Wiliams
650 #7 - PUNTO DE ACCESO ADICIONAL DE MATERIA--TÉRMINO DE MATERIA
Término de materia o nombre geográfico como elemento de entrada Novela norteamericana
Fuente del encabezamiento o término
9 (RLIN) 146954
700 1# - ENTRADA AGREGADA--NOMBRE PERSONAL
Nombre de persona Williams, J. H.
9 (RLIN) 116931
700 1# - ENTRADA AGREGADA--NOMBRE PERSONAL
Nombre de persona Faulkner, William,
Fechas asociadas al nombre 1897-1962
9 (RLIN) 242365
700 1# - ENTRADA AGREGADA--NOMBRE PERSONAL
Nombre de persona Morton Robinson, Henry.
9 (RLIN) 83733
700 1# - ENTRADA AGREGADA--NOMBRE PERSONAL
Nombre de persona Peck, David W.
9 (RLIN) 89854
700 1# - ENTRADA AGREGADA--NOMBRE PERSONAL
Nombre de persona Williams, Eric.
9 (RLIN) 116921
710 2# - ENTRADA AGREGADA--NOMBRE DE ENTIDAD CORPORATIVA
Nombre de entidad corporativa o nombre de jurisdicción como elemento de entrada Selecciones del Reader's Digest.
9 (RLIN) 6545
740 02 - ENTRADA AGREGADA--TÍTULO RELACIONADO/ANALÍTICO NO CONTROLADO
Título relacionado o analítico no controlado Estampa de Birmania.
740 02 - ENTRADA AGREGADA--TÍTULO RELACIONADO/ANALÍTICO NO CONTROLADO
Título relacionado o analítico no controlado Dos soldados.
740 32 - ENTRADA AGREGADA--TÍTULO RELACIONADO/ANALÍTICO NO CONTROLADO
Título relacionado o analítico no controlado El cardenal.
740 32 - ENTRADA AGREGADA--TÍTULO RELACIONADO/ANALÍTICO NO CONTROLADO
Título relacionado o analítico no controlado El caso del expediente P-2458.
740 32 - ENTRADA AGREGADA--TÍTULO RELACIONADO/ANALÍTICO NO CONTROLADO
Título relacionado o analítico no controlado El caballo de madera.
830 1# - PUNTO DE ACCESO ADICIONAL DE SERIE-TÍTULO UNIFORME
Título uniforme Biblioteca de Selecciones ;
Designación de volumen o secuencia 1
9 (RLIN) 185950
852 4# - LOCALIZACIÓN
Ubicación ES-MaACL
Número de control de estantería E-4207
Holdings
Estatus retirado Estado de pérdida Estado de daño No para préstamo Biblioteca de origen Biblioteca actual Ubicación en estantería Fecha de adquisición Fuente de adquisición Total de préstamos Signatura topográfica completa Código de barras Visto por última vez Precio de reemplazo Tipo de ítem Koha
        Biblioteca del Ateneo de Madrid Biblioteca del Ateneo de Madrid Depósito 2 17/01/2008     E-4207 1119951 23/02/2023 23/02/2023 Libro impreso